| 000 | 00704nac a22001811u 4500 | ||
|---|---|---|---|
| 008 | 101031t xxu||||| |||| 00| 0 eng d | ||
| 082 |
_a428.24 _bPHI |
||
| 100 |
_aPhillips, Terry _920772 |
||
| 245 |
_aSkills in English. Listening. Level 2 / _cTerry Phillips |
||
| 250 | _a2nd ed. | ||
| 260 |
_aLondon: _bGarnet Education, 2004. _c2004. |
||
| 300 |
_a1 Sound disc : _bdigital, stereo. ; _c4 3/4 in. |
||
| 511 | _aCatalogued by: Sara | ||
| 650 |
_aEnglish language _vTextbooks for foreign speakers _920773 |
||
| 650 |
_aEnglish language _vProblems, exercises, etc. _xGrammar _920774 |
||
| 650 |
_aEnglish language _xstudy and teaching for foreign speakers _920775 |
||
| 942 |
_cCDR _k428.24 PHI _2ddc |
||
| 999 |
_c5210 _d5210 |
||